Practical process simulation using object-oriented techniques and C++ / (Include Floppy Disk) (Record no. 174717)

000 -LEADER
fixed length control field 01282 a2200241 4500
003 - CONTROL NUMBER IDENTIFIER
control field Nust
005 - DATE AND TIME OF LATEST TRANSACTION
control field 20220720113959.0
010 ## - LIBRARY OF CONGRESS CONTROL NUMBER
LC control number 98041883
020 ## - INTERNATIONAL STANDARD BOOK NUMBER
International Standard Book Number 0890066558 (alk. paper)
040 ## - CATALOGING SOURCE
Transcribing agency Nust
082 00 - DEWEY DECIMAL CLASSIFICATION NUMBER
Classification number 003.35133,GRA
100 1# - MAIN ENTRY--PERSONAL NAME
Personal name Garrido, Jos⥠M.
9 (RLIN) 94023
245 10 - TITLE STATEMENT
Title Practical process simulation using object-oriented techniques and C++ / (Include Floppy Disk)
Statement of responsibility, etc. Jose M. Garrido.
260 ## - PUBLICATION, DISTRIBUTION, ETC.
Place of publication, distribution, etc. Boston :
Name of publisher, distributor, etc. Artech House,
Date of publication, distribution, etc. c1999.
300 ## - PHYSICAL DESCRIPTION
Extent xv, 219 p. :
Other physical details ill. ;
Dimensions 24 cm. +
Accompanying material 1 computer disk (3 1/2 in.)
440 #0 - SERIES STATEMENT/ADDED ENTRY--TITLE
Title Artech House computer science library
9 (RLIN) 94024
505 ## - FORMATTED CONTENTS NOTE
Formatted contents note Introduction to Modeling & Simulation (Page-1), Introduction to Object-Oriented Modeling (Page-150, Introduction to Discrete-Event Simulation (Page-33),The Process Interaction Approach to Simulation (Page-49), Queuing Models with Priorities (Page-101), Mutual Exclusive Synchronization (Page-113), Producer-Consumer Synchronization (Page-127), Interprocess Cooperation (Page-139), Conditional Waiting (Page-149), Interrupts (Page-159), Random Numbers (Page-169).
650 #0 - SUBJECT ADDED ENTRY--TOPICAL TERM
Topical term or geographic name entry element C++ (Computer program language)
650 #0 - SUBJECT ADDED ENTRY--TOPICAL TERM
Topical term or geographic name entry element Computer simulation.
9 (RLIN) 1599
650 #0 - SUBJECT ADDED ENTRY--TOPICAL TERM
Topical term or geographic name entry element Object-oriented methods (Computer science)
9 (RLIN) 25876
651 ## - SUBJECT ADDED ENTRY--GEOGRAPHIC NAME
Geographic name (Include Floppy Disk)
9 (RLIN) 93875
942 ## - ADDED ENTRY ELEMENTS (KOHA)
Koha item type Reference
Source of classification or shelving scheme
Holdings
Withdrawn status Lost status Source of classification or shelving scheme Damaged status Not for loan Permanent Location Current Location Shelving location Date acquired Full call number Barcode Date last seen Price effective from Koha item type Public note
          Military College of Signals (MCS) Military College of Signals (MCS) Reference 12/12/2016 003.35133,GRA MCS27901 12/08/2016 12/12/2016 Reference Almirah No.17, Shelf No.1
© 2023 Central Library, National University of Sciences and Technology. All Rights Reserved.